[Event "Titled Tuesday 2021.12.14"]
[Site "Chess.com INT"]
[Date "2021.12.14"]
[Round "5"]
[White "Golubka, Petro"]
[Black "Golubenko, Valentina"]
[Result "1-0"]
[WhiteElo "2408"]
[BlackElo "2209"]
[WhiteFideId "-1"]
[BlackFideId "-1"]
[PlyCount "85"]
[GameId "1727872784171008"]
[EventDate "2021.12.14"]
[EventType "swiss (blitz)"]
[EventRounds "11"]
[EventCountry "NET"]
[SourceTitle "EXT 2023"]
[Source "ChessBase"]
[SourceDate "2022.10.05"]
[SourceVersion "1"]
[SourceVersionDate "2022.10.05"]
[SourceQuality "1"]

1. e4 e6 2. Nc3 d5 3. Nf3 b6 4. exd5 exd5 5. d4 Nf6 6. Bg5 Be7 7. Bb5+ c6 8. Bd3 O-O 9. O-O h6 10. Bh4 Bb7 11. Re1 Nbd7 12. a3 c5 13. Bf5 cxd4 14. Nxd4 Nc5 15. Qf3 Nfe4 16. Bxe7 Qxe7 17. Rad1 Qf6 18. Bxe4 dxe4 19. Qxf6 gxf6 20. Nf5 Kh7 21. Rd6 Kg6 22. Nh4+ Kg7 23. Red1 Rae8 24. b4 Ne6 25. Rd7 Rc8 26. Nf5+ Kh7 27. Ne2 Rxc2 28. Neg3 Bc6 29. Rxa7 Rd8 30. Re1 Rdd2 31. Ne3 Ra2 32. Rxf7+ Kg6 33. Re7 Nf4 34. Rc7 Bb5 35. Nxe4 Re2 36. Rcc1 Nd3 37. Rxe2 Rxe2 38. Ra1 f5 39. Nc3 Rxf2 40. Nxb5 Re2 41. Nxf5 Kxf5 42. Nd4+ Ke4 43. Nxe2 1-0

[Event "Titled Tuesday 2021.12.14"]
[Site "Chess.com INT"]
[Date "2021.12.14"]
[Round "6"]
[White "Zhuravleva, Olga"]
[Black "Golubka, Petro"]
[Result "0-1"]
[WhiteElo "2278"]
[BlackElo "2408"]
[WhiteFideId "-1"]
[BlackFideId "-1"]
[PlyCount "98"]
[GameId "1727872785420288"]
[EventDate "2021.12.14"]
[EventType "swiss (blitz)"]
[EventRounds "11"]
[EventCountry "NET"]
[SourceTitle "EXT 2023"]
[Source "ChessBase"]
[SourceDate "2022.10.05"]
[SourceVersion "1"]
[SourceVersionDate "2022.10.05"]
[SourceQuality "1"]

1. e4 c5 2. Nf3 d6 3. d4 cxd4 4. Nxd4 Nf6 5. Nc3 a6 6. Bd3 e6 7. O-O Be7 8. Kh1 O-O 9. f4 Nc6 10. Nb3 b5 11. a3 Bb7 12. Qf3 b4 13. axb4 Nxb4 14. Bd2 Nc6 15. Qh3 g6 16. Rae1 Bc8 17. Qg3 Nh5 18. Qf3 Bd7 19. Bc1 Nb4 20. Nd4 Bf6 21. e5 dxe5 22. fxe5 Be7 23. Bh6 Ng7 24. Ne4 Nxd3 25. cxd3 Nf5 26. Nxf5 exf5 27. Nf6+ Bxf6 28. exf6 Qxf6 29. Bxf8 Rxf8 30. Qb7 Bb5 31. Re3 Qxb2 32. h3 Qd4 33. Qf3 Kg7 34. Rfe1 Rd8 35. Rd1 h5 36. Qe2 Bc6 37. Rg3 Qf4 38. Re3 Rd4 39. Rf1 Qd6 40. Kg1 a5 41. Qb2 f4 42. Re7 Kf8 43. Ra7 f3 44. Qf2 Rxd3 45. Rxa5 Rd2 46. Qc5 Rxg2+ 47. Kh1 Rh2+ 48. Kg1 f2+ 49. Rxf2 Rh1# 0-1

[Event "Titled Tuesday 2021.12.14"]
[Site "Chess.com INT"]
[Date "2021.12.14"]
[Round "7"]
[White "Guliev, Logman"]
[Black "Golubka, Petro"]
[Result "1-0"]
[WhiteElo "2260"]
[BlackElo "2408"]
[WhiteFideId "-1"]
[BlackFideId "-1"]
[PlyCount "49"]
[GameId "1727872785993728"]
[EventDate "2021.12.14"]
[EventType "swiss (blitz)"]
[EventRounds "11"]
[EventCountry "NET"]
[SourceTitle "EXT 2023"]
[Source "ChessBase"]
[SourceDate "2022.10.05"]
[SourceVersion "1"]
[SourceVersionDate "2022.10.05"]
[SourceQuality "1"]

1. e4 c5 2. Nf3 d6 3. d4 cxd4 4. Nxd4 Nf6 5. Nc3 a6 6. f4 e6 7. Bd3 Be7 8. O-O O-O 9. Kh1 Nc6 10. Be3 Bd7 11. Qf3 Rc8 12. Rae1 Re8 13. Qg3 Nh5 14. Qh3 g6 15. f5 Nxd4 16. Bxd4 e5 17. Be3 Bg5 18. Nd5 Bc6 19. fxg6 hxg6 20. Bc4 Bxe3 21. Rxe3 Bxd5 22. Bxd5 Nf4 23. Qh6 Rxc2 24. Rh3 Nxh3 25. Qxg6+ 1-0

[Event "Titled Tuesday 2021.12.14"]
[Site "Chess.com INT"]
[Date "2021.12.14"]
[Round "8"]
[White "Golubka, Petro"]
[Black "Zaksaite, Salomeja"]
[Result "0-1"]
[WhiteElo "2408"]
[BlackElo "2261"]
[WhiteFideId "-1"]
[BlackFideId "-1"]
[PlyCount "58"]
[GameId "1727872786759680"]
[EventDate "2021.12.14"]
[EventType "swiss (blitz)"]
[EventRounds "11"]
[EventCountry "NET"]
[SourceTitle "EXT 2023"]
[Source "ChessBase"]
[SourceDate "2022.10.05"]
[SourceVersion "1"]
[SourceVersionDate "2022.10.05"]
[SourceQuality "1"]

1. e4 c5 2. Nf3 e6 3. b4 cxb4 4. d4 Nf6 5. Bd3 d5 6. e5 Ne4 7. O-O Nc6 8. a3 Be7 9. axb4 Nxb4 10. Ba3 O-O 11. Qe2 Bd7 12. Bxe4 dxe4 13. Qxe4 Bc6 14. Qe2 Bxf3 15. Qxf3 Nxc2 16. Bxe7 Qxe7 17. Ra2 Nxd4 18. Qe4 Rfd8 19. Nd2 a6 20. Nc4 Nf5 21. Nb6 Rab8 22. g3 Rd4 23. Qb1 Rb4 24. Rb2 Rxb2 25. Qxb2 Rd8 26. Rc1 h5 27. Rc4 h4 28. g4 h3 29. gxf5 Rd1# 0-1

[Event "Titled Tuesday 2021.12.14"]
[Site "Chess.com INT"]
[Date "2021.12.14"]
[Round "9"]
[White "Golubka, Petro"]
[Black "Osmonbekov, Talaibek D"]
[Result "1-0"]
[WhiteElo "2408"]
[BlackElo "2136"]
[WhiteFideId "-1"]
[BlackFideId "-1"]
[PlyCount "113"]
[GameId "1727872787730432"]
[EventDate "2021.12.14"]
[EventType "swiss (blitz)"]
[EventRounds "11"]
[EventCountry "NET"]
[SourceTitle "EXT 2023"]
[Source "ChessBase"]
[SourceDate "2022.10.05"]
[SourceVersion "1"]
[SourceVersionDate "2022.10.05"]
[SourceQuality "1"]

1. e4 c5 2. Nf3 d6 3. d4 cxd4 4. Nxd4 Nf6 5. Nc3 g6 6. Be3 Bg7 7. f3 O-O 8. Qd2 Nc6 9. Bc4 Nxd4 10. Bxd4 Be6 11. Bb3 Qa5 12. O-O-O Rfc8 13. Kb1 Bxb3 14. cxb3 b5 15. Bxf6 Bxf6 16. Nd5 Qxd2 17. Nxf6+ exf6 18. Rxd2 Rc6 19. Rhd1 Rd8 20. b4 Kf8 21. Rd5 a6 22. b3 Ke7 23. R1d2 Rdc8 24. Kb2 Rb8 25. a3 Rb7 26. R5d4 h5 27. a4 Rcb6 28. axb5 Rxb5 29. Rxd6 Rxb4 30. R6d3 a5 31. Ka3 g5 32. Rc2 h4 33. Rc5 a4 34. bxa4 Rb1 35. Rc2 h3 36. gxh3 Ke6 37. Rc6+ Ke7 38. Rc2 Ke6 39. Ka2 R1b4 40. Ra3 Ra7 41. Rc6+ Ke5 42. a5 Rab7 43. Rc5+ Ke6 44. Rc2 Ra7 45. Rc6+ Ke5 46. a6 Rd4 47. Rc5+ Ke6 48. Kb2 Rd6 49. Rca5 Rd2+ 50. Kc3 Rxh2 51. Rb5 Rc7+ 52. Kd3 Rd7+ 53. Rd5 Ra7 54. Rb5 Rd7+ 55. Ke3 f5 56. Rb6+ Ke7 57. exf5 1-0

[Event "Titled Tuesday 2021.12.14"]
[Site "Chess.com INT"]
[Date "2021.12.14"]
[Round "10"]
[White "Santos Flores, Alberto Javier"]
[Black "Golubka, Petro"]
[Result "0-1"]
[WhiteElo "2182"]
[BlackElo "2408"]
[WhiteFideId "-1"]
[BlackFideId "-1"]
[PlyCount "120"]
[GameId "1727872788627456"]
[EventDate "2021.12.14"]
[EventType "swiss (blitz)"]
[EventRounds "11"]
[EventCountry "NET"]
[SourceTitle "EXT 2023"]
[Source "ChessBase"]
[SourceDate "2022.10.05"]
[SourceVersion "1"]
[SourceVersionDate "2022.10.05"]
[SourceQuality "1"]

1. e4 c5 2. Nf3 d6 3. d4 cxd4 4. Nxd4 Nf6 5. Nc3 a6 6. Be3 h5 7. f3 e6 8. Qd2 b5 9. Bd3 Bb7 10. O-O-O Nbd7 11. Kb1 Rc8 12. f4 Nc5 13. e5 b4 14. exf6 bxc3 15. Qxc3 gxf6 16. Qd2 Rg8 17. Nf3 f5 18. Rhe1 Nxd3 19. cxd3 Bd5 20. Rc1 Be7 21. Rxc8 Qxc8 22. Rc1 Qb7 23. Bd4 f6 24. Nh4 Kf7 25. g3 e5 26. Bc3 Ke6 27. Qe2 Rg4 28. h3 Rxh4 29. gxh4 Bf3 30. Qf2 Qd5 31. d4 exf4 32. Ka1 Be4 33. Qg1 f3 34. Qg8+ Kd7 35. Qb8 Qb7 36. Qh8 f2 37. Qxh5 Qb5 38. Qd1 Bg2 39. a4 Qc4 40. b3 Qxc3+ 41. Rxc3 f1=Q 42. Qxf1 Bxf1 43. Rf3 Bg2 44. Rxf5 Bxh3 45. Ra5 Bf1 46. h5 Bd8 47. Rf5 Bd3 48. Rf3 Be4 49. Rf1 Bb6 50. Rd1 Bf3 51. Rd2 Bxh5 52. Kb2 f5 53. Kc3 f4 54. Rf2 f3 55. Kd3 Bd8 56. Rh2 Bg4 57. Rh7+ Kc6 58. Rf7 Bh4 59. b4 f2 60. Ke3 Bh3 0-1

[Event "Titled Tuesday 2021.12.14"]
[Site "Chess.com INT"]
[Date "2021.12.14"]
[Round "11"]
[White "Golubka, Petro"]
[Black "Mujumdar, Sameer Suhas"]
[Result "1-0"]
[WhiteElo "2408"]
[BlackElo "2030"]
[WhiteFideId "-1"]
[BlackFideId "-1"]
[PlyCount "51"]
[GameId "1727872789131264"]
[EventDate "2021.12.14"]
[EventType "swiss (blitz)"]
[EventRounds "11"]
[EventCountry "NET"]
[SourceTitle "EXT 2023"]
[Source "ChessBase"]
[SourceDate "2022.10.05"]
[SourceVersion "1"]
[SourceVersionDate "2022.10.05"]
[SourceQuality "1"]

1. e4 c6 2. d4 d5 3. e5 c5 4. Nc3 Nc6 5. dxc5 e6 6. Na4 Nxe5 7. Be3 Nf6 8. h3 Be7 9. Be2 O-O 10. c3 Bd7 11. b4 Ne4 12. Rc1 b6 13. Nf3 Nxf3+ 14. gxf3 Nf6 15. cxb6 axb6 16. Nxb6 Rxa2 17. Nxd7 Nxd7 18. f4 Qb8 19. f5 Nf6 20. fxe6 fxe6 21. Bg4 Nxg4 22. Qxg4 Qe5 23. O-O Bd6 24. Qg2 Qf5 25. Bd4 Bf4 26. Qxg7# 1-0

[Event "Vasylyshyn mem. GM"]
[Site "Lviv UKR"]
[Date "2021.12.04"]
[Round "1.2"]
[White "Malakhatko, Vadim"]
[Black "Golubka, Petro"]
[Result "1/2-1/2"]
[WhiteElo "2445"]
[BlackElo "2408"]
[WhiteFideId "-1"]
[BlackFideId "-1"]
[PlyCount "94"]
[GameId "2130307580538981"]
[EventDate "2021.12.04"]
[EventType "tourn"]
[EventRounds "9"]
[EventCountry "UKR"]
[EventCategory "6"]
[SourceTitle "10 Days #672"]
[Source "ChessMix"]
[SourceDate "2021.12.20"]
[SourceVersion "1"]
[SourceVersionDate "2021.12.20"]
[SourceQuality "1"]

1. Nf3 c5 2. c4 Nf6 3. Nc3 e6 4. g3 b6 5. Bg2 Bb7 6. O-O Be7 7. d4 cxd4 8. Qxd4 d6 9. Bg5 h6 10. Bxf6 Bxf6 11. Qf4 a6 12. Rfd1 Ke7 13. Ne4 Bxe4 14. Qxe4 Ra7 15. Rd2 Rd7 16. Nd4 Qc7 17. Nf5+ Kf8 18. Ne3 h5 19. Rad1 g6 20. a4 Kg7 21. b3 b5 22. axb5 axb5 23. cxb5 d5 24. Qd3 Qb6 25. Nc2 Rc8 26. Nd4 Rdc7 27. e4 Rc3 28. Qb1 Bg5 29. Rd3 Rxd3 30. Qxd3 dxe4 31. Qxe4 Rd8 32. Bf3 Bf6 33. Nc6 Rxd1+ 34. Bxd1 Qxb5 35. Nxb8 Qxb8 36. h4 Qb6 37. Kg2 Bd4 38. Qf3 e5 39. Be2 f5 40. Qd5 e4 41. Bc4 Kh6 42. Qg8 Qf6 43. Qf7 Qb6 44. Qf8+ Bg7 45. Qe7 Bf6 46. Qe8 Bg7 47. Qe7 Bf6 1/2-1/2

[Event "Vasylyshyn mem. GM"]
[Site "Lviv UKR"]
[Date "2021.12.05"]
[Round "2.4"]
[White "Golubka, Petro"]
[Black "Plichta, Kamil"]
[Result "1/2-1/2"]
[WhiteElo "2408"]
[BlackElo "2399"]
[WhiteFideId "-1"]
[BlackFideId "-1"]
[PlyCount "120"]
[GameId "2130307580538987"]
[EventDate "2021.12.04"]
[EventType "tourn"]
[EventRounds "9"]
[EventCountry "UKR"]
[EventCategory "6"]
[SourceTitle "10 Days #672"]
[Source "ChessMix"]
[SourceDate "2021.12.20"]
[SourceVersion "1"]
[SourceVersionDate "2021.12.20"]
[SourceQuality "1"]

1. e4 c5 2. Nf3 Nc6 3. d4 cxd4 4. Nxd4 g6 5. c4 Bg7 6. Be3 Qb6 7. Nb3 Qd8 8. Nc3 Bxc3+ 9. bxc3 Nf6 10. f3 d6 11. c5 d5 12. exd5 Nxd5 13. Bh6 Rg8 14. Qd2 Be6 15. c4 Nf6 16. Qe3 a5 17. Rd1 Nd7 18. Be2 a4 19. Nd4 Qa5+ 20. Kf2 Nxd4 21. Qxd4 g5 22. h4 g4 23. fxg4 O-O-O 24. c6 bxc6 25. Qe4 Qa8 26. Be3 Nf6 27. Rxd8+ Rxd8 28. Qf4 Qb8 29. Qxb8+ Kxb8 30. Rb1+ Kc8 31. Rb6 Nxg4+ 32. Bxg4 Bxg4 33. Rxc6+ Kb7 34. Rb6+ Kc7 35. Ra6 Bd7 36. Ra7+ Kd6 37. a3 Rc8 38. c5+ Ke6 39. Rb7 Bc6 40. Rb4 Rd8 41. Rb6 Kd5 42. g4 f5 43. gxf5 Rf8 44. Rb4 Rxf5+ 45. Rf4 Rxf4+ 46. Bxf4 Kd4 47. Bd2 h5 48. Bb4 Kd3 49. Ke1 e5 50. Ba5 e4 51. Bb4 Ke3 52. Bc3 Kf3 53. Bd4 Kg4 54. Bf6 e3 55. Ke2 Kf5 56. Bg5 Ke6 57. Kxe3 Bd5 58. Kd4 Bb3 59. Ke4 Kd7 60. Kd4 Kc6 1/2-1/2

[Event "Vasylyshyn mem. GM"]
[Site "Lviv UKR"]
[Date "2021.12.06"]
[Round "3.3"]
[White "Mosesov, Danyil"]
[Black "Golubka, Petro"]
[Result "1-0"]
[WhiteElo "2405"]
[BlackElo "2408"]
[WhiteFideId "-1"]
[BlackFideId "-1"]
[PlyCount "63"]
[GameId "2130307580538991"]
[EventDate "2021.12.04"]
[EventType "tourn"]
[EventRounds "9"]
[EventCountry "UKR"]
[EventCategory "6"]
[SourceTitle "10 Days #672"]
[Source "ChessMix"]
[SourceDate "2021.12.20"]
[SourceVersion "1"]
[SourceVersionDate "2021.12.20"]
[SourceQuality "1"]

1. d4 f5 2. Nc3 d5 3. Bg5 g6 4. h4 Nh6 5. Nf3 Nf7 6. Bf4 c6 7. h5 Nd7 8. hxg6 hxg6 9. Rxh8 Nxh8 10. Qd2 Nf7 11. Qe3 Nf6 12. Ng5 Ng4 13. Qd2 e5 14. Nxf7 Kxf7 15. dxe5 Bg7 16. e4 fxe4 17. Nxe4 Nxe5 18. O-O-O Bf5 19. Ng3 Be6 20. Re1 Ng4 21. f3 Nf6 22. Bd3 Qd7 23. Be5 Rh8 24. Kb1 Bh6 25. Qb4 Bg5 26. f4 Rh4 27. Rf1 Rg4 28. Be2 Bh4 29. Bxg4 Bxg4 30. f5 Bxg3 31. fxg6+ Kxg6 32. Rxf6+ 1-0

[Event "Vasylyshyn mem. GM"]
[Site "Lviv UKR"]
[Date "2021.12.07"]
[Round "4.3"]
[White "Golubka, Petro"]
[Black "Neverov, Valeriy"]
[Result "1/2-1/2"]
[WhiteElo "2408"]
[BlackElo "2451"]
[WhiteFideId "-1"]
[BlackFideId "-1"]
[PlyCount "61"]
[GameId "2130307580538993"]
[EventDate "2021.12.04"]
[EventType "tourn"]
[EventRounds "9"]
[EventCountry "UKR"]
[EventCategory "6"]
[SourceTitle "10 Days #672"]
[Source "ChessMix"]
[SourceDate "2021.12.20"]
[SourceVersion "1"]
[SourceVersionDate "2021.12.20"]
[SourceQuality "1"]

1. e4 c5 2. Nf3 d6 3. d4 cxd4 4. Nxd4 Nf6 5. Nc3 Nc6 6. Bc4 Bd7 7. Bg5 e6 8. Ndb5 Qb8 9. Bxf6 gxf6 10. Qd2 a6 11. Nd4 b5 12. Bb3 Nxd4 13. Qxd4 Be7 14. O-O Qa7 15. Qd2 O-O 16. Ne2 Kh8 17. Kh1 Rg8 18. Rae1 Rg7 19. c3 Rag8 20. g3 Qc5 21. Nd4 Bd8 22. Qd1 Bb6 23. f4 b4 24. f5 e5 25. Nc2 bxc3 26. bxc3 Ba5 27. Nb4 Bxb4 28. cxb4 Qxb4 29. Bd5 Bb5 30. Rf2 Rc8 31. Qd2 1/2-1/2

[Event "Vasylyshyn mem. GM"]
[Site "Lviv UKR"]
[Date "2021.12.08"]
[Round "5.4"]
[White "Nastore, Pavel Alexandru"]
[Black "Golubka, Petro"]
[Result "1/2-1/2"]
[WhiteElo "2329"]
[BlackElo "2408"]
[WhiteFideId "-1"]
[BlackFideId "-1"]
[PlyCount "89"]
[GameId "2130307580538999"]
[EventDate "2021.12.04"]
[EventType "tourn"]
[EventRounds "9"]
[EventCountry "UKR"]
[EventCategory "6"]
[SourceTitle "10 Days #672"]
[Source "ChessMix"]
[SourceDate "2021.12.20"]
[SourceVersion "1"]
[SourceVersionDate "2021.12.20"]
[SourceQuality "1"]

1. e4 Nf6 2. e5 Ng8 3. d4 d6 4. exd6 cxd6 5. Nf3 Nf6 6. Bd3 g6 7. O-O Bg7 8. Re1 O-O 9. h3 Nc6 10. c4 Nb4 11. Nc3 Nxd3 12. Qxd3 Bf5 13. Qe2 Re8 14. Be3 h6 15. Red1 g5 16. d5 Bg6 17. Rac1 Qd7 18. c5 Bh5 19. b4 a5 20. a3 axb4 21. axb4 Rec8 22. Rd2 Ra3 23. Bd4 g4 24. hxg4 Bxg4 25. Rdd1 Qf5 26. Qxe7 Bxf3 27. gxf3 dxc5 28. bxc5 Rxc3 29. Bxc3 Nxd5 30. Rxd5 Qxd5 31. Bxg7 Kxg7 32. Qe4 Rxc5 33. Rxc5 Qxc5 34. Qxb7 h5 35. Qe4 Kf6 36. Kg2 Qg5+ 37. Kh3 Qf5+ 38. Kh4 Qg6 39. Kh3 Qf5+ 40. Kh4 Qxe4+ 41. fxe4 Ke5 42. Kxh5 Kxe4 43. Kg5 Kf3 44. Kf6 Kxf2 45. Kxf7 1/2-1/2

[Event "Vasylyshyn mem. GM"]
[Site "Lviv UKR"]
[Date "2021.12.10"]
[Round "7.5"]
[White "Secheres, Adrian-Simion"]
[Black "Golubka, Petro"]
[Result "1/2-1/2"]
[WhiteElo "2377"]
[BlackElo "2408"]
[WhiteFideId "-1"]
[BlackFideId "-1"]
[PlyCount "92"]
[GameId "2130307580539009"]
[EventDate "2021.12.04"]
[EventType "tourn"]
[EventRounds "9"]
[EventCountry "UKR"]
[EventCategory "6"]
[SourceTitle "10 Days #672"]
[Source "ChessMix"]
[SourceDate "2021.12.20"]
[SourceVersion "1"]
[SourceVersionDate "2021.12.20"]
[SourceQuality "1"]

1. d4 Nf6 2. c4 g6 3. Nc3 Bg7 4. e4 O-O 5. Be2 c6 6. e5 Ne8 7. f4 d6 8. Be3 f6 9. exf6 Nxf6 10. Qd2 Na6 11. Nf3 Ng4 12. O-O Nb4 13. Rac1 a5 14. a3 Na6 15. h3 Nxe3 16. Qxe3 Bh6 17. Ng5 e5 18. dxe5 dxe5 19. h4 exf4 20. Rxf4 Re8 21. Nce4 Bf5 22. c5 Nc7 23. Bc4+ Nd5 24. Rd1 Bxg5 25. hxg5 Bxe4 26. Rxe4 Rxe4 27. Qxe4 Qxg5 28. Rxd5 cxd5 29. Qxd5+ Qxd5 30. Bxd5+ Kf8 31. Bxb7 Rd8 32. c6 Rd1+ 33. Kf2 Rc1 34. b4 axb4 35. axb4 Ke7 36. b5 Kd6 37. b6 Rxc6 38. Bxc6 Kxc6 39. Ke3 Kxb6 40. Kf4 Kc5 41. Kg5 Kd4 42. Kh6 Ke4 43. Kxh7 g5 44. Kh6 Kf4 45. Kh5 Kg3 46. Kxg5 Kxg2 1/2-1/2

[Event "Vasylyshyn mem. GM"]
[Site "Lviv UKR"]
[Date "2021.12.11"]
[Round "8.1"]
[White "Polulikh, Bogdan"]
[Black "Golubka, Petro"]
[Result "1/2-1/2"]
[WhiteElo "2297"]
[BlackElo "2408"]
[WhiteFideId "-1"]
[BlackFideId "-1"]
[PlyCount "60"]
[GameId "2130307580539010"]
[EventDate "2021.12.04"]
[EventType "tourn"]
[EventRounds "9"]
[EventCountry "UKR"]
[EventCategory "6"]
[SourceTitle "10 Days #672"]
[Source "ChessMix"]
[SourceDate "2021.12.20"]
[SourceVersion "1"]
[SourceVersionDate "2021.12.20"]
[SourceQuality "1"]

1. d4 Nf6 2. c4 e6 3. Nc3 d5 4. Nf3 Be7 5. Bf4 O-O 6. e3 c6 7. Bd3 Nbd7 8. O-O dxc4 9. Bxc4 b5 10. Bd3 Bb7 11. Ne5 Qb6 12. Qc2 g6 13. a4 a6 14. Ne4 Nxe5 15. Bxe5 Nxe4 16. Bxe4 Rac8 17. Qe2 Rfd8 18. h3 f6 19. Bg3 c5 20. Bxb7 Qxb7 21. axb5 Qxb5 22. Qxb5 axb5 23. Ra7 Bf8 24. dxc5 Rxc5 25. Rb7 Rdc8 26. Kh2 e5 27. Rd1 R8c7 28. Rb8 Rc8 29. Rb7 R8c7 30. Rb8 Rc8 1/2-1/2

[Event "Vasylyshyn mem. GM"]
[Site "Lviv UKR"]
[Date "2021.12.12"]
[Round "9.5"]
[White "Golubka, Petro"]
[Black "Lutsko, Artem"]
[Result "1-0"]
[WhiteElo "2408"]
[BlackElo "2409"]
[WhiteFideId "-1"]
[BlackFideId "-1"]
[PlyCount "93"]
[GameId "2130307580539016"]
[EventDate "2021.12.04"]
[EventType "tourn"]
[EventRounds "9"]
[EventCountry "UKR"]
[EventCategory "6"]
[SourceTitle "10 Days #672"]
[Source "ChessMix"]
[SourceDate "2021.12.20"]
[SourceVersion "1"]
[SourceVersionDate "2021.12.20"]
[SourceQuality "1"]

1. e4 g6 2. h4 h6 3. d4 Bg7 4. Be3 Nf6 5. f3 d6 6. Qd2 Nc6 7. Ne2 e5 8. d5 Ne7 9. c4 c5 10. Nbc3 a6 11. g4 h5 12. g5 Nh7 13. a3 f6 14. gxf6 Bxf6 15. O-O-O O-O 16. f4 Kh8 17. Re1 Bg4 18. fxe5 Bxe5 19. Nf4 g5 20. Nd3 Bg3 21. hxg5 Bxe1 22. Qxe1 Bf3 23. Rg1 Ng6 24. e5 Rf5 25. exd6 b6 26. b4 Qxd6 27. bxc5 bxc5 28. Bxc5 Qd7 29. Bd4+ Kg8 30. Nc5 Qd6 31. Qe3 Raf8 32. Bd3 h4 33. Bxf5 Rxf5 34. N3e4 Qf4 35. Nf6+ Nxf6 36. gxf6 Kf7 37. Qxf4 Rxf4 38. Ne6 Rg4 39. Ng5+ Rxg5 40. Rxg5 h3 41. Bg1 Kxf6 42. Rg3 Bg2 43. d6 Ne5 44. Rg8 Bc6 45. c5 Ke6 46. Rh8 Bg2 47. Re8+ 1-0

[Event "Titled Tuesday 2021.11.30"]
[Site "Chess.com INT"]
[Date "2021.11.30"]
[Round "1"]
[White "Golubka, Petro"]
[Black "Muhammad, Shahzeb"]
[Result "1-0"]
[WhiteElo "2408"]
[BlackElo "1990"]
[WhiteFideId "-1"]
[BlackFideId "-1"]
[PlyCount "59"]
[GameId "1722819179667456"]
[EventDate "2021.11.30"]
[EventType "swiss (blitz)"]
[EventRounds "11"]
[EventCountry "NET"]
[SourceTitle "CBM 205 Extra"]
[Source "ChessBase"]
[SourceDate "2022.01.31"]
[SourceVersion "1"]
[SourceVersionDate "2022.01.31"]
[SourceQuality "1"]

1. e4 d5 2. exd5 Nf6 3. Bb5+ Nbd7 4. Nc3 a6 5. Ba4 b5 6. Bb3 Nb6 7. Nge2 Nbxd5 8. Nxd5 Nxd5 9. O-O Bb7 10. c4 bxc4 11. Bxc4 Nb6 12. Bb3 e6 13. d4 Bd6 14. Be3 O-O 15. Ng3 Nd5 16. Rc1 Nxe3 17. fxe3 Qh4 18. Qe1 e5 19. Nf5 Qg5 20. g3 exd4 21. exd4 Rae8 22. Bxf7+ Kxf7 23. Nxd6+ Kg8 24. Nxe8 Qd5 25. Rxf8+ Kxf8 26. Qb4+ Kxe8 27. Re1+ Kd7 28. Qe7+ Kc6 29. Qe6+ Kb5 30. Re5 1-0

[Event "Titled Tuesday 2021.11.30"]
[Site "Chess.com INT"]
[Date "2021.11.30"]
[Round "2"]
[White "Di Nicolantonio, Lucas"]
[Black "Golubka, Petro"]
[Result "1/2-1/2"]
[WhiteElo "2420"]
[BlackElo "2408"]
[WhiteFideId "-1"]
[BlackFideId "-1"]
[PlyCount "131"]
[GameId "1722819181273088"]
[EventDate "2021.11.30"]
[EventType "swiss (blitz)"]
[EventRounds "11"]
[EventCountry "NET"]
[SourceTitle "CBM 205 Extra"]
[Source "ChessBase"]
[SourceDate "2022.01.31"]
[SourceVersion "1"]
[SourceVersionDate "2022.01.31"]
[SourceQuality "1"]

1. d4 d5 2. c4 c6 3. Nf3 Nf6 4. e3 e6 5. Bd3 Nbd7 6. O-O Bd6 7. Nc3 O-O 8. e4 dxe4 9. Nxe4 Nxe4 10. Bxe4 f5 11. Bc2 c5 12. Re1 Nf6 13. h3 h6 14. b3 a5 15. Bb2 Ra6 16. Ne5 Qc7 17. d5 exd5 18. cxd5 Ne4 19. Bxe4 fxe4 20. Rxe4 Bf5 21. Re3 a4 22. Nc4 axb3 23. axb3 Rxa1 24. Qxa1 Bf4 25. Be5 Bxe5 26. Qxe5 Qxe5 27. Rxe5 Bc2 28. Re3 Rd8 29. d6 Bg6 30. g4 b5 31. Na3 Rxd6 32. Nxb5 Rb6 33. Nc7 Bf7 34. Rc3 Rxb3 35. Rxc5 Rxh3 36. Nd5 Rd3 37. Ne3 Rd8 38. Kh2 Re8 39. Kg3 Kf8 40. Rc7 Re7 41. Rc8+ Re8 42. Rc7 Re7 43. Rc8+ Re8 44. Rc5 Re7 45. Nf5 Re8 46. Rc7 Rd8 47. f3 Kg8 48. Ra7 Kf8 49. Kf4 Kg8 50. Ne7+ Kf8 51. Nc6 Rc8 52. Ne5 Be8 53. Kf5 Kg8 54. f4 Rd8 55. Re7 Ra8 56. Ke6 Ra6+ 57. Kf5 Ra8 58. g5 hxg5 59. Kxg5 Rb8 60. f5 Ra8 61. Ng6 Bxg6 62. Kxg6 Ra6+ 63. Re6 Rxe6+ 64. fxe6 Kf8 65. e7+ Kxe7 66. Kxg7 1/2-1/2

[Event "Titled Tuesday 2021.11.30"]
[Site "Chess.com INT"]
[Date "2021.11.30"]
[Round "3"]
[White "Golubka, Petro"]
[Black "Rottenwohrer Suarez, Juan"]
[Result "1-0"]
[WhiteElo "2408"]
[BlackElo "2250"]
[WhiteFideId "-1"]
[BlackFideId "-1"]
[PlyCount "105"]
[GameId "1722819182215168"]
[EventDate "2021.11.30"]
[EventType "swiss (blitz)"]
[EventRounds "11"]
[EventCountry "NET"]
[SourceTitle "CBM 205 Extra"]
[Source "ChessBase"]
[SourceDate "2022.01.31"]
[SourceVersion "1"]
[SourceVersionDate "2022.01.31"]
[SourceQuality "1"]

1. e4 c5 2. Nf3 d6 3. d4 cxd4 4. Nxd4 Nf6 5. Nc3 Nc6 6. Nb3 g6 7. Be2 Bg7 8. O-O O-O 9. Be3 a5 10. a3 a4 11. Nd2 Nd7 12. Nc4 Nc5 13. Bxc5 dxc5 14. Qxd8 Rxd8 15. Nb6 Ra7 16. Ncxa4 Nd4 17. Bd3 c4 18. Bxc4 Nxc2 19. Rac1 Nd4 20. Nxc8 Rxc8 21. Bxf7+ Kxf7 22. Rxc8 Rxa4 23. f4 Nc6 24. e5 Rd4 25. Rc7 Na5 26. g3 b6 27. h4 h6 28. Rfc1 g5 29. hxg5 hxg5 30. Rf1 gxf4 31. Rxf4+ Rxf4 32. gxf4 Bh6 33. b4 Nb3 34. Rc4 Nd2 35. e6+ Kf6 36. Rc6 Bxf4 37. Kf2 Be5 38. Ke3 Nb3 39. Kd3 b5 40. Ke4 Nd4 41. Rc5 Nxe6 42. Rxe5 Ng5+ 43. Kf4 Nh3+ 44. Ke4 Ng5+ 45. Rxg5 Kxg5 46. Ke5 Kg4 47. Ke6 Kf4 48. Kxe7 Ke5 49. Kd7 Kd5 50. Kc7 Kc4 51. Kb6 Kb3 52. Kxb5 Kxa3 53. Ka5 1-0